|
|
|
|
| LEADER |
00000naa2a2200000 4500 |
| 001 |
485111 |
| 005 |
20231101094544.0 |
| 035 |
|
|
|a (RuTPU)RU\TPU\prd\152847
|
| 035 |
|
|
|a RU\TPU\tpu\11192
|
| 090 |
|
|
|a 485111
|
| 100 |
|
|
|a 20121002a1977 k y0rusy50 ca
|
| 101 |
0 |
|
|a rus
|
| 102 |
|
|
|a UA
|
| 200 |
1 |
|
|a Определение трех компонент тензоров деформаций по данным только одного деформированного растра
|f В. А. Жилкин, А. М. Попов
|
| 461 |
|
1 |
|0 (RuTPU)RU\TPU\prd\1695
|x 0556-171X
|t Проблемы прочности
|l Strength of Materials
|o научно-технический журнал
|f Национальная академия наук Украины (НАНУ, НАН Украины), Институт проблем прочности им. Г. С. Писаренко (ИПП)
|d 1969-
|
| 463 |
|
0 |
|0 (RuTPU)RU\TPU\prd\152846
|t № 5
|v С. 23-26
|d 1977
|
| 610 |
1 |
|
|a тензоры деформаций
|
| 610 |
1 |
|
|a деформированные растры
|
| 610 |
1 |
|
|a труды учёных ТПУ
|
| 610 |
1 |
|
|a деформаця
|
| 700 |
|
1 |
|a Жилкин
|b В. А.
|
| 701 |
|
1 |
|a Попов
|b А. М.
|c специалист в области машиностроения
|c профессор Томского политехнического университета
|g Анатолий Михайлович
|2 stltpush
|3 (RuTPU)RU\TPU\pers\27105
|
| 801 |
|
1 |
|a RU
|b 63413507
|c 20030710
|g PSBO
|
| 801 |
|
2 |
|a RU
|b 63413507
|c 20121002
|g RCR
|
| 942 |
|
|
|c BK
|